Les compos de Chelsea 2-2 PSG (14/15) - Statistiques

Statistiques générales
  • Ce quiz a été pris 3 036 fois
  • Le résultat moyen est 17 sur 22
Statistiques - réponses
Equipe Nationalité Joueur % Correct
PSG Uruguayen Edinson Cavani
97%
PSG Suédois Zlatan Ibrahimovic
97%
PSG Italien Marco Verratti
96%
Chelsea Belge Thibaut Courtois
96%
PSG Brésilien Thiago Silva
95%
Chelsea Belge Eden Hazard
90%
PSG Italien Salvatore Sirigu
89%
PSG Français Blaise Matuidi
87%
PSG Brésilien Marquinhos
86%
PSG Italien Thiago Motta
86%
PSG Brésilien David Luiz
85%
PSG Brésilien Maxwell
79%
PSG Argentin Javier Pastore
74%
Chelsea Espagnol Diego Costa
72%
Chelsea Anglais John Terry
68%
Chelsea Espagnol César Azpilicueta
66%
Chelsea Serbe Branislav Ivanovic
59%
Chelsea Brésilien Oscar
57%
Chelsea Anglais Gary Cahill
55%
Chelsea Brésilien Ramires
49%
Chelsea Serbe Nemanja Matic
47%
Chelsea Espagnol Cesc Fabregas
34%
Aucun quiz correspondant
Distribution des résultats
% des personnes avec chaque résultat
Percentile par nombre de réponses
Votre historique - résultats
Vous n’avez pas pris ce quiz